| 000 | 01367nam a22003613u 4500 | ||
|---|---|---|---|
| 001 | DHIM2026022310050027 | ||
| 003 | RU-10907106 | ||
| 005 | 20260224145027.0 | ||
| 007 | tu | ||
| 008 | 260223s2020 ru ||| ||| 100 0 rus d | ||
| 020 |
_9978-5-4358-0208-5 _a9785435802085 |
||
| 040 |
_aRU-10907106 _bger _cRU-10907106 |
||
| 041 | _arus | ||
| 100 | 1 |
_4edt _aMatišov, G. G. _968548 |
|
| 111 |
_aMaterialy VII Meždunarodnogo foruma istorikov-kavkazovedov _cRostov-na-Donu _d12-13 nojabra 2020 _968549 |
||
| 245 | 0 |
_aNacional'no-gosudarstvennye preobrazovanija na Kavkaze _bOpyt prošlogo i sovremennye tendencii |
|
| 264 | 1 |
_aRostov-na-Donu _bIzdatel'stvo JUNC RAN _c2020 |
|
| 300 | _a464 Seiten | ||
| 336 |
_2rdacontent _aText _btxt |
||
| 337 |
_2rdamedia _aOhne Hilfsmittel zu benutzen _bn |
||
| 338 |
_2rdacarrier _aBand _bnc |
||
| 650 |
_aEthnische Gruppe _92000 |
||
| 650 | _aNationalismus | ||
| 650 | _aImperialismus | ||
| 651 | _aKaukasus | ||
| 700 | 1 |
_4edt _aKrinko, E. F. _968550 |
|
| 710 |
_aFederal'nyj issledovatel'skij centr južnyj naučnyj centr rossijskoj akademii nauk _968551 |
||
| 710 |
_aJužnyj federal'nyj universitet _968552 |
||
| 710 |
_aAkademija nauk čečenskoj respubliki _968553 |
||
| 710 |
_aGumanitarnyj fond "kavkaz - novye gorizonty" _968554 |
||
| 710 |
_aFond regional'nych issledovanij "strana" _968555 |
||
| 942 |
_2z _cMG |
||
| 999 |
_c73776 _d73776 |
||